| 000 | 00468pab a2200169 454500 | ||
|---|---|---|---|
| 008 | 180718b2013 xxu||||| |||| 00| 0 eng d | ||
| 100 | _aMarsh, Ian | ||
| 245 | _aSetting the post war Australian policy agenda - Causes and content | ||
| 260 | _c2013 | ||
| 300 | _ap.473-480. | ||
| 362 | _aDec | ||
| 650 | _aPolitical parties - Australia | ||
| 650 | _aPolitical parties | ||
| 773 | _aAustralian Journal of Public Administration | ||
| 908 | _aN | ||
| 909 | _a102810 | ||
| 999 |
_c102808 _d102808 |
||